| 000 | 01849nam a22002417a 4500 | ||
|---|---|---|---|
| 999 |
_c61524 _d61524 |
||
| 003 | Ge_BSU | ||
| 005 | 20240321154144.0 | ||
| 008 | 240321s2021ge xxu||||| |||| 00| 0 geo d | ||
| 020 | _a9789941340604 | ||
| 041 | _ageo | ||
| 080 | _a82.05(=353.1) კ-40 | ||
| 100 |
_aკენჭიაშვილი, ნათია, ავტორი. _921523 |
||
| 245 |
_aტროპი ქართულ მჭევრმეტყველებაში : _b[მონოგრაფია] / _cნათია კენჭიაშვილი ; რედ. თინათინ ბოლქვაძე. |
||
| 264 |
_aთბილისი : _bმერიდიანი, _c2021. |
||
| 300 |
_aXXVIII, 215 გვ.: + (I-LVIII) _bდიაგრ.,ილ. ; _c20 სმ. |
||
| 504 | _aბიბლიოგრაფია: გვ. I-XXV. | ||
| 546 | _aთავფურცლის მე-3 გვერდი და რეზიუმე ინგლისურ ენაზე Tropes in georgian rhetoric : [Monograph] | ||
| 600 |
_aეძღვნება აკად. თამაზ გამყრელიძის ხსოვნას. _921524 |
||
| 653 | _aტროპი ქართულ მჭევრმეტყველებაში | ||
| 700 |
_aბოლქვაძე, თინათინ _eრედაქტორი _95682 |
||
| 710 |
_aივანე ჯავახიშვილის სახ. თბილისის სახელმწ. უნივერსიტეტი, ჰუმანიტარულ მეცნიერებათა ფაკულტეტი, თეორიული და გამოყენებითი ენათმეცნიერების სასწავლო-სამეცნიერო ინსტიტუტი _921525 |
||
| 942 |
_2udc _cBK |
||